Power system analysis (Record no. 1347)

000 -LEADER
fixed length control field 00590nam a2200229 a 4500
001 - CONTROL NUMBER
control field 1347
003 - CONTROL NUMBER IDENTIFIER
control field BD-DhUET
008 - FIXED-LENGTH DATA ELEMENTS--GENERAL INFORMATION
fixed length control field 931008s1994 nyua 001 0 eng
020 ## - INTERNATIONAL STANDARD BOOK NUMBER
International Standard Book Number 0070585156
020 ## - INTERNATIONAL STANDARD BOOK NUMBER
International Standard Book Number 0071133380
040 ## - CATALOGING SOURCE
Original cataloging agency DLC
Transcribing agency DLC
Modifying agency BD-DhUET
082 00 - DEWEY DECIMAL CLASSIFICATION NUMBER
Classification number 623.19
Item number GRA/1994
100 1# - MAIN ENTRY--PERSONAL NAME
Personal name Grainger, John J.
245 10 - TITLE STATEMENT
Title Power system analysis
250 ## - EDITION STATEMENT
Edition statement 1st ed.
260 ## - PUBLICATION, DISTRIBUTION, ETC. (IMPRINT)
Place of publication, distribution, etc. New York
Name of publisher, distributor, etc. McGraw-Hill
Date of publication, distribution, etc. 1994
300 ## - PHYSICAL DESCRIPTION
Extent xix, 787 p.
Other physical details ill.
504 ## - BIBLIOGRAPHY, ETC. NOTE
Bibliography, etc Includes bibliographies
650 #0 - SUBJECT ADDED ENTRY--TOPICAL TERM
Topical term or geographic name as entry element Electric power systems-Management
700 1# - ADDED ENTRY--PERSONAL NAME
Personal name Stevenson, William D.
942 ## - ADDED ENTRY ELEMENTS (KOHA)
Koha item type General Book
Holdings
Koha date last borrowed Lost status Koha out on loan Koha date last seen Koha renewals Koha normalized classification for sorting Price effective from Koha item type Location (home branch) Withdrawn status Date acquired Koha issues (times borrowed) Source of classification or shelving scheme Koha full call number Piece designation (barcode) Damaged status Not for loan Sublocation or collection (holding branch) Shelving location Copy number
2024-03-04  2024-06-01 623_000000000000000_19GRA19942014-09-03General BookCentral Library, BUET 2014-09-035 623.19/GRA/1994103960  Central Library, BUETCirculation section1
2019-05-06  2020-01-14 623_000000000000000_19GRA19942014-09-03General BookCentral Library, BUET 2014-09-031 623.19/GRA/1994103961  Central Library, BUETCirculation section2
2025-07-13  2025-11-031623_000000000000000_19GRA19942014-09-03General BookCentral Library, BUET 2014-09-033 623.19/GRA/1994103962  Central Library, BUETCirculation section3
2019-10-21  2025-04-22 623_000000000000000_19GRA19942014-09-03General BookCentral Library, BUET 2014-09-031 623.19/GRA/1994103963  Central Library, BUETCirculation section4
2023-11-27 2023-12-112023-11-27 623_000000000000000_19GRA19942014-09-03General BookCentral Library, BUET 2014-09-031 623.19/GRA/1994103964  Central Library, BUETCirculation section5
   2016-01-26 623_000000000000000_19GRA19942014-09-03General BookCentral Library, BUET 2014-09-03  623.19/GRA/1994103965  Central Library, BUETCirculation section6
2021-02-13  2021-12-132623_000000000000000_19GRA19942014-09-03General BookCentral Library, BUET 2014-09-031 623.19/GRA/1994103966  Central Library, BUETCirculation section7
2022-02-06 2023-02-062022-02-06 623_000000000000000_19GRA19942014-09-03General BookCentral Library, BUET 2014-09-032 623.19/GRA/1994103967  Central Library, BUETCirculation section8
2025-05-03 2025-05-172025-05-03 623_000000000000000_19GRA19942014-09-03General BookCentral Library, BUET 2014-09-035 623.19/GRA/1994103968  Central Library, BUETCirculation section9
   2015-06-21 623_190000000000000_GRA_19942015-06-21Reading ItemCentral Library, BUET 2015-06-21  623.19/GRA/199489529  Central Library, BUETReading section10
   2015-06-21 623_190000000000000_GRA_19942015-06-21Reading ItemCentral Library, BUET 2015-06-21  623.19/GRA/199491138  Central Library, BUETReading section11
   2015-07-02 623_190000000000000_GRA_19942015-07-02Reading ItemCentral Library, BUET 2015-07-02  623.19/GRA/199490777  Central Library, BUETReading section12